000 nam a22 4500
999 _c9149
_d9149
008 180412b ||||| |||| 00| 0 eng d
100 _927333
_aMacatuno, Allan
245 _aAeta 'Olympics' reveal IP strengths, skills/
_cAllan Macatuno
260 _aPhilippines
_bPhilippine Daily Inquirer
_cc2016
300 _apage A3.
650 0 _927334
_aNative peoples.
942 _2ddc
_cPER